Danger point

Bibliographic Details
Main Author: Wentworth, Patricia
Format: Book
Published: London : Severn House Publishers , 1989
Subjects:

MARC

LEADER 00000cam a2200000 7i4500
001 0000000791
002 000000893
005 20000330.0
020 |a 0727816934 
090 0 0 |a F   |b WEN 
100 1 |a Wentworth, Patricia 
245 1 0 |a Danger point   |c Patricia Wentworth 
260 |a London :   |b Severn House Publishers ,   |c 1989 
300 |a 287p. ;   |c 21cm. 
650 0 0 |a Crime and detection fiction 
999 |a 030734   |b BUKU   |c PINJAMAN   |e PERPUSTAKAAN KOMUNITI PETALING JAYA